000 01009nam a22003257a 4500
003 CHAP
005 20220329143022.0
008 050819d2004 mx a r 00110 spa d
010 _a90742
011 _a91714
020 _a9682444101
035 _a102275
040 _cCHAP
082 0 4 _a636.5
_bO8
100 0 0 _aOteiza Fernández, José.
_984310
245 1 0 _aRazas de gallinas :
_borigen y descripcion
_c/por José Oteiza Fernández
260 _aMéxico :
_bTrillas
_c2004
300 _a172 p. : ilus.
590 _aBATCH-UPD
_b10
_c20130110
_lUCH01
_h1707
590 _aBATCH-UPD
_b10
_c20130410
_lUCH01
_h1053
590 _aBATCH-UPD
_b10
_c20130914
_lUCH01
_h0451
590 _aCONVERSION
_b10
_c20130109
_lUCH01
_h1350
650 1 4 _aAves de corral
_xAnatomía.
_98639
650 1 4 _aAves de corral
_xRazas.
_98679
650 1 4 _aGallinas.
_944441
901 _aBK
905 _aElisama A. H.
942 _cLIBRO
949 _a636.5 O8
_bBC
_cLIBRO
_d33724000974762
_eLIBRO
_gI.c/e
_h106380
_i102275
_si
_t$120.00
999 _c90742
_d90742